| 000 | 00617nam a2200193 a 4500 | ||
|---|---|---|---|
| 001 | 000043288 | ||
| 005 | 20201002040806.0 | ||
| 008 | 140304s1992 sp c 001 0 spa d | ||
| 020 | _a8479540907 | ||
| 040 |
_aDO-SdBNP _bspa _cBNPHU |
||
| 100 | 1 |
_aCowie, Peter _970910 |
|
| 245 | 1 | 0 |
_aCoppola. / _cPeter Cowie; traducción Loreto Bravo de Urquía. |
| 260 |
_aEspaña, : _bProdhufi, _c1992. |
||
| 300 |
_a444 p. : _bretrs. ; _c20 cm. |
||
| 490 | 1 |
_aBiblioteca de cine _v3 |
|
| 500 | _aIncluye datos biografícos del autor. | ||
| 700 | 1 | 2 |
_aBravo de Urquía, Loreto _etrad. _970911 |
| 830 | 0 |
_aBiblioteca de cine _n3 _970912 |
|
| 999 |
_c42777 _d42777 |
||